000 00255nam a22001097a 4500
005 20251104111501.0
100 _aAmbily, K.K.
245 _aRandamgadu valamidan samayamayi
260 _bRubber, 713(October): 6-8.
_c2025
300 _bMalayalam
942 _cJS
999 _c75748
_d75748